000 00521nam a22001937a 4500
003 KOHA_MİRAKIL
005 20251015151227.0
008 251015b tu ||||| |||| 00| 0 tur d
020 _a9786059087391
040 _aTR-AnABB
_btur
_cTR-AnABB
041 _atur
082 _a297.86
_bFER 2015
100 1 _aFeridüddin-i Attar ,
245 1 0 _aPendname /
_cFeridüddin-i Attar
260 _aİstanbul :
_bŞule Yayınları,
_c2015
300 _a91 sayfa ;
_c21 cm
650 0 0 _aDin, İslam
942 _2ddc
_cBK
999 _c9163
_d9163
900 _bGizem YORULMAZ